[Event "2024 British Rapidplay Championship"]
[Site "Holiday Inn Peterborough - West"]
[Date "2024.03.02"]
[Round "3.72"]
[White "Kaushik, Madhav"]
[Black "Lees, Nicholas"]
[Result "0-1"]
[WhiteFideId "499986"]
[BlackFideId "444073"]
[WhiteElo "1559"]
[BlackElo "1802"]
[EventDate "2024.03.02"]

1. e4 c5 2. Nf3 Nc6 3. d4 cxd4 4. Nxd4 d6 5. c4 Nf6 6. Nc3 g6 7. f3 Bg7 8. Be3 Bd7
9. Be2 O-O 10. O-O Rc8 11. Qd2 Ne8 12. Nxc6 bxc6 13. Bxa7 Bxc3 14. Qxc3 c5 15. Qb3
Rc6 16. Qb7 Qc8 17. Qxc8 Bxc8 18. b4 Ra6 19. Bb8 Rb6 20. Ba7 Rb7 21. Bxc5 dxc5 22.
b5 Be6 23. a4 Nd6 24. Rfc1 Ra8 25. a5 Rba7 26. e5 Nc8 27. b6 Nxb6 28. Rab1 Nd7 29.
Rb5 Rxa5 30. Rcb1 Nxe5 31. Rc1 Rxb5 32. cxb5 c4 33. f4 Nd3 34. Rf1 Rb8 35. Rb1 Nxf4
36. Bf3 c3 37. Be4 Rb6 38. g3 0-1

[Event "2024 British Rapidplay Championship"]
[Site "Holiday Inn Peterborough - West"]
[Date "2024.03.02"]
[Round "3.73"]
[White "Keerthi Kumar, Advait"]
[Black "Cepoi, Gesneria-Codruta"]
[Result "1-0"]
[WhiteFideId "498033"]
[BlackFideId "1285297"]
[WhiteElo "1838"]
[BlackElo "1655"]
[EventDate "2024.03.02"]

1. e4 c6 2. d4 d5 3. e5 Bf5 4. c3 Nd7 5. Bd3 e6 6. Ne2 c5 7. O-O Ne7 8. Ng3 g6 9.
a3 Bg7 10. b4 c4 11. Bxf5 exf5 12. Bg5 h6 13. Bxe7 Qxe7 14. Qf3 Qe6 15. Re1 Rd8 16.
Nd2 O-O 17. h4 h5 18. Ne2 Nb6 19. a4 Rfe8 20. a5 Nc8 21. Nf4 Qe7 22. g3 Qd7 23. Nf1
Ne7 24. e6 Qc8 25. exf7+ Kxf7 26. Ne6 Rd6 27. Nxg7 Kxg7 28. Re5 Re6 29. Rae1 Nc6
30. Rxe6 Rxe6 31. Rxe6 Qxe6 32. Ne3 Ne7 33. Kf1 a6 34. Qf4 Kf6 35. Qc7 Qc6 36. Qe5+
Kf7 37. Ng2 Qf6 38. Nf4 Qc6 39. Nh3 Ng8 40. Ng5+ Kf8 41. Ne6+ Ke7 42. Nd8+ Kxd8 1-0

[Event "2024 British Rapidplay Championship"]
[Site "Holiday Inn Peterborough - West"]
[Date "2024.03.02"]
[Round "3.74"]
[White "Rich, Aaron"]
[Black "Veeturi, Yashvardhan"]
[Result "1-0"]
[WhiteFideId "499951"]
[BlackFideId "343402496"]
[WhiteElo "1767"]
[BlackElo "1642"]
[EventDate "2024.03.02"]

1. b3 e6 2. Bb2 f5 3. e3 Nf6 4. f4 b6 5. Nf3 Bb7 6. Be2 Be7 7. O-O O-O 8. Ng5 Ne4
9. Bf3 h6 10. Nh3 d5 11. d3 Nd6 12. Qe1 Bf6 13. Bxf6 Qxf6 14. Nd2 c5 15. Nf2 Na6
16. a3 Qc3 17. Qc1 Qf6 18. Qe1 Qc3 19. Qc1 Qf6 20. Re1 e5 21. Nf1 e4 22. dxe4 dxe4
23. Be2 Rad8 24. Ng3 g6 25. c3 Nc7 26. b4 c4 27. a4 a6 28. Rd1 b5 29. Rd2 Nd5 30.
Rd4 Rd7 31. Qd2 Nc8 32. Rd1 Ncb6 33. a5 Na8 34. Nfxe4 fxe4 35. Nxe4 Qe7 36. Nc5 Rfd8
37. Nxb7 Rxb7 38. Rxd5 Rbd7 39. Rxd7 Rxd7 40. Qxd7 Qxe3+ 41. Kh1 Qxe2 42. Qd8+ Kf7
43. Rd7+ Ke6 44. Re7+ Kf5 45. Rxe2 Nb6 46. Qf8+ Kg4 47. Qxh6 1-0

[Event "2024 British Rapidplay Championship"]
[Site "Holiday Inn Peterborough - West"]
[Date "2024.03.02"]
[Round "3.76"]
[White "Borrowdale, Graham E"]
[Black "Broomfield, Daniel"]
[Result "1-0"]
[WhiteFideId "416673"]
[BlackFideId "343110840"]
[WhiteElo "1905"]
[BlackElo "1519"]
[EventDate "2024.03.02"]

1. c4 Nf6 2. Nc3 g6 3. e4 d6 4. d4 Nbd7 5. Nf3 Bg7 6. Be2 O-O 7. O-O e5 8. d5 Nc5
9. Qc2 a5 10. Bg5 h6 11. Bh4 g5 12. Bg3 Nh5 13. Ne1 Nf4 14. Nd3 Ncxd3 15. Bxd3 Nxd3
16. Qxd3 f5 17. f3 f4 18. Bf2 g4 19. c5 Qg5 20. Kh1 g3 21. Bg1 Rf6 22. cxd6 cxd6
23. Rac1 Rg6 24. Qe2 Bh3 25. Rc2 gxh2 26. Bb6 1-0

[Event "2024 British Rapidplay Championship"]
[Site "Holiday Inn Peterborough - West"]
[Date "2024.03.02"]
[Round "3.77"]
[White "Gevorgyan, Albert"]
[Black "Shankar, Yashwardhan"]
[Result "1-0"]
[WhiteFideId "13323946"]
[BlackFideId "2411067"]
[WhiteElo "1899"]
[BlackElo "1254"]
[EventDate "2024.03.02"]

1. e4 c5 2. Nf3 d6 3. Bb5+ Bd7 4. Bxd7+ Nxd7 5. O-O g6 6. d4 cxd4 7. Qxd4 Ngf6 8.
Nc3 Bg7 9. Be3 O-O 10. Rad1 Ng4 11. Qd2 Nxe3 12. Qxe3 a6 13. Nd5 Rc8 14. c3 Nf6 15.
Rfe1 Re8 16. e5 Ng4 17. Qe4 Nxe5 18. Nxe5 Bxe5 19. f4 Bg7 20. Nxe7+ Kf8 21. Qxb7
Rc7 22. Qxa6 Rexe7 23. Rxe7 Rxe7 24. Rxd6 Re1+ 25. Kf2 Qe8 26. Qd3 Qe4 27. Rd8+ Ke7
28. Qd6# 1-0

[Event "2024 British Rapidplay Championship"]
[Site "Holiday Inn Peterborough - West"]
[Date "2024.03.02"]
[Round "3.80"]
[White "Hunt, Harriet V"]
[Black "Stokes, Richard"]
[Result "1-0"]
[WhiteFideId "403512"]
[BlackFideId "432628"]
[WhiteElo "2342"]
[BlackElo "1692"]
[EventDate "2024.03.02"]

1. e4 c5 2. Nf3 d6 3. c3 Nf6 4. h3 Nc6 5. Bd3 e5 6. O-O Be7 7. Re1 O-O 8. Bc2 a6
9. d4 cxd4 10. cxd4 Bd7 11. Nc3 Rc8 12. d5 Nb4 13. Bb1 a5 14. Be3 Re8 15. Qb3 b5
16. a3 Na6 17. Nxb5 Nc5 18. Bxc5 Rxc5 19. Nc3 Qc7 20. Bd3 Rb8 21. Qc2 Bb5 22. Bxb5
Rcxb5 23. Rab1 Rc5 24. Rec1 Rc8 25. Qe2 Qb7 26. Kh2 Rc4 27. Nd2 R4c7 28. Nf1 g6 29.
Na2 Rxc1 30. Rxc1 Rxc1 31. Nxc1 Qc7 32. Nd3 Qc4 33. f3 Nh5 34. Ne3 Qd4 35. Nc2 Qb6
36. g3 f6 1-0

[Event "2024 British Rapidplay Championship"]
[Site "Holiday Inn Peterborough - West"]
[Date "2024.03.02"]
[Round "3.81"]
[White "Mohamed Nasrudeen Meeran, Muiz Ul Meeran"]
[Black "Mylovanov, Volodymyr"]
[Result "0-1"]
[WhiteFideId "343423744"]
[BlackFideId "34184732"]
[WhiteElo "1642"]
[BlackElo "1877"]
[EventDate "2024.03.02"]

1. e4 c5 2. Nf3 e6 3. d4 cxd4 4. Nxd4 Nf6 5. Nc3 Bb4 6. Bd3 Nc6 7. Nxc6 bxc6 8. Bd2
e5 9. O-O O-O 10. a3 Be7 11. Qe2 Qc7 12. f4 d6 13. fxe5 dxe5 14. Qf3 Bg4 15. Qg3
Bh5 16. Bg5 Bg6 17. h4 Nh5 18. Qe3 Bxg5 19. hxg5 Nf4 20. Ne2 Ne6 21. Rf2 Qb6 22.
Qxb6 axb6 23. Raf1 Nxg5 24. Ng3 b5 25. Nf5 Ra7 26. Ng3 Ne6 27. Nf5 Nc5 28. Rf3 Na4
29. b3 Nc5 30. Ra1 Rfa8 31. a4 bxa4 32. bxa4 Rxa4 33. Rxa4 Rxa4 34. Ne7+ Kf8 35.
Nxc6 f6 36. Nxe5 Bxe4 37. Rf4 Ra1+ 38. Kh2 Bxd3 39. Nxd3 Nxd3 40. cxd3 Rd1 41. Rf3
Ke7 42. Kg3 h5 43. Kf4 g6 44. Rg3 Rf1+ 45. Ke4 g5 46. Re3 Kd6 47. Rh3 Rf4+ 48. Ke3
h4 49. Rf3 Rxf3+ 50. Kxf3 f5 51. Ke3 Ke5 52. Kf3 Kd4 53. Ke2 g4 54. Kd2 h3 55. gxh3
gxh3 56. Ke2 h2 57. Kf2 h1=Q 58. Kg3 Qe1+ 59. Kf4 Kxd3 60. Kxf5 Qe4+ 61. Kf6 Qd5
0-1

[Event "2024 British Rapidplay Championship"]
[Site "Holiday Inn Peterborough - West"]
[Date "2024.03.02"]
[Round "3.82"]
[White "Wastney, Dylan"]
[Black "Ou, Siyuan"]
[Result "1-0"]
[WhiteFideId "343112498"]
[BlackFideId "343405657"]
[WhiteElo "1800"]
[BlackElo "1434"]
[EventDate "2024.03.02"]

1. e4 e6 2. d4 d5 3. e5 c5 4. c3 Nc6 5. Nf3 Qb6 6. Bd3 Bd7 7. O-O cxd4 8. Re1 dxc3
9. Nxc3 a6 10. a3 Bc5 11. Qe2 Nd4 12. Nxd4 Bxd4 13. Bd2 Ne7 14. Bf4 Ng6 15. Bg3 Rc8
16. Rab1 Qa5 17. Na2 Ke7 18. Nb4 Bb5 19. Qg4 Bxd3 20. Nxd3 Qb6 21. h4 Rc4 22. Qg5+
f6 23. exf6+ Bxf6 24. Qxd5 Qc6 25. Bd6+ Qxd6 26. Qxc4 Bxh4 27. Nc5 Nf4 28. Rbd1 Qc6
29. Qxf4 Qxc5 30. Qxh4+ Kf7 31. Rd7+ Kf8 32. Qd8# 1-0

[Event "2024 British Rapidplay Championship"]
[Site "Holiday Inn Peterborough - West"]
[Date "2024.03.02"]
[Round "3.83"]
[White "Rogowski, Rafal"]
[Black "Kairat, Alexander"]
[Result "0-1"]
[WhiteFideId "343415970"]
[BlackFideId "498629"]
[WhiteElo "1591"]
[BlackElo "1723"]
[EventDate "2024.03.02"]

1. d4 Nf6 2. c4 e6 3. Nf3 d5 4. Nc3 c5 5. dxc5 Bxc5 6. cxd5 Nxd5 7. Nxd5 Qxd5 8.
Qxd5 exd5 9. Bd2 Nc6 10. Rc1 Bb6 11. e3 a6 12. g3 Bg4 13. Bg2 O-O 14. O-O Rad8 15.
Bc3 Rfe8 16. h3 Bf5 17. Rfd1 Be4 18. Ng5 Bxg2 19. Kxg2 f6 20. Nf3 Re7 21. Kf1 Kf7
22. Nd4 Bxd4 23. Bxd4 Re4 24. Bb6 Rd7 25. b3 Kg6 26. a3 h5 27. Rc5 Re5 28. Rc2 h4
29. g4 f5 30. gxf5+ Kxf5 31. Bd4 Nxd4 32. Rxd4 Re4 33. Rxe4 Kxe4 34. Ke2 Rf7 35.
Rc1 Rf3 36. Rh1 g5 37. Rh2 Rf6 38. Rg2 Kf5 39. Rg4 Rc6 40. Kd2 Re6 41. Rb4 b5 42.
a4 Re4 43. Rxe4 dxe4 44. axb5 axb5 45. Ke2 g4 46. hxg4+ Kxg4 47. Kf1 Kf3 0-1

[Event "2024 British Rapidplay Championship"]
[Site "Holiday Inn Peterborough - West"]
[Date "2024.03.02"]
[Round "3.84"]
[White "Letton, Rob"]
[Black "Mitraka, Chrysa"]
[Result "1/2-1/2"]
[WhiteFideId "464384"]
[BlackFideId "2409968"]
[WhiteElo "1722"]
[BlackElo "1612"]
[EventDate "2024.03.02"]

1. e4 c6 2. d4 d5 3. exd5 cxd5 4. Bd3 Nc6 5. c3 Nf6 6. Bf4 Bg4 7. Qb3 Qd7 8. Nd2
e6 9. Ngf3 a6 10. h3 Bh5 11. O-O Bg6 12. Bxg6 hxg6 13. Rae1 Be7 14. Ne5 Nxe5 15.
Bxe5 Bd6 16. f4 b5 17. Nf3 O-O 18. Bxd6 Qxd6 19. Ne5 Ne4 20. Qd1 a5 21. h4 Nf6 22.
Re3 Nd7 23. h5 Nxe5 24. dxe5 Qc5 25. Rfe1 Rad8 26. Qd4 Qxd4 27. cxd4 gxh5 28. Rc3
Rc8 29. Rec1 Rxc3 30. Rxc3 Rb8 31. Rc7 a4 32. b3 axb3 33. axb3 b4 34. Kf2 g6 35.
Kf3 Kg7 36. g4 hxg4+ 37. Kxg4 Rb6 38. Kg5 Rb5 39. Kg4 Rb6 40. Kg5 Rb5 1/2-1/2

[Event "2024 British Rapidplay Championship"]
[Site "Holiday Inn Peterborough - West"]
[Date "2024.03.02"]
[Round "3.85"]
[White "Zeynalli, Nial"]
[Black "Kumar, Sanjit S"]
[Result "0-1"]
[WhiteFideId "343404332"]
[BlackFideId "468142"]
[WhiteElo "1527"]
[BlackElo "1799"]
[EventDate "2024.03.02"]

1. Nf3 d5 2. e3 c5 3. b3 Nc6 4. Bb2 Nf6 5. Bb5 e6 6. O-O Be7 7. d4 cxd4 8. exd4 O-O
9. Nbd2 a6 10. Bxc6 bxc6 11. c4 a5 12. Ne5 Bb7 13. cxd5 cxd5 14. Rc1 Qb6 15. a3 Rac8
16. Qf3 Ba6 17. Rfd1 Rfe8 18. Rxc8 Rxc8 19. Rc1 Rxc1+ 20. Bxc1 Qxd4 21. Nc6 Qc5 22.
Nxe7+ Kf8 23. Qd1 Ng4 24. Ne4 Qc7 25. Ng3 Kxe7 26. h3 Nf6 27. Qe1 Kd7 28. Bd2 Qb6
29. Bxa5 Qxb3 30. Bb4 d4 31. Qe5 Qd5 32. Qe1 Bb7 33. f3 d3 34. Qd2 Qd4+ 35. Kh1 h6
36. Bc3 Qd6 37. Bb4 Qxg3 38. Qxd3+ Nd5 39. Qb5+ Bc6 40. Qc5 Qe5 41. Qa7+ Qc7 42.
Qc5 Nxb4 43. Qxb4 Bd5 44. Qd2 Qb7 45. Qc1 Ke7 46. Qc5+ Ke8 47. a4 Qb1+ 48. Kh2 Qb8+
0-1

[Event "2024 British Rapidplay Championship"]
[Site "Holiday Inn Peterborough - West"]
[Date "2024.03.02"]
[Round "3.86"]
[White "Borgars, Alan"]
[Black "Caraway, Samuel"]
[Result "1-0"]
[WhiteFideId "343433880"]
[BlackFideId "444766"]
[WhiteElo "1522"]
[BlackElo "1834"]
[EventDate "2024.03.02"]

1. e4 Nc6 2. d4 e5 3. d5 Nce7 4. Nf3 Ng6 5. Bc4 Bc5 6. O-O Nf6 7. Nc3 a5 8. Bg5 h6
9. Be3 Qe7 10. Nb5 Bxe3 11. Nxc7+ Kd8 12. Nxa8 Bc5 13. d6 Qxd6 14. Qxd6 Bxd6 15.
Nb6 Ke7 16. Nd5+ Nxd5 17. Bxd5 b5 18. Rad1 Bc5 19. Nd2 Ba6 20. Rfe1 Rc8 21. Nb3 Bb6
22. c3 Nf4 23. g3 Nh3+ 24. Kg2 Nxf2 25. Rd2 Ng4 26. Rd3 b4 27. Rf3 Nf6 28. Rf5 d6
29. Rc1 Nxd5 30. exd5 a4 31. Nd2 Be3 32. Rd1 bxc3 33. bxc3 Rxc3 34. Ne4 Rc2+ 35.
Kh3 Bc8 36. g4 Bxf5 37. gxf5 Rxa2 38. Rb1 Ra3 39. Rb7+ Kd8 40. Kg4 Rb3 41. Rxf7 a3
42. Rxg7 a2 43. Rg8+ Kc7 44. Ra8 Rb2 45. f6 Rb4 46. Kf3 Bg5 47. Rxa2 Bxf6 48. Nxf6
Rf4+ 1-0

[Event "2024 British Rapidplay Championship"]
[Site "Holiday Inn Peterborough - West"]
[Date "2024.03.02"]
[Round "3.87"]
[White "Amir, Zain"]
[Black "Sudagar, Vidhyuth Kavin"]
[Result "1-0"]
[WhiteFideId "473227"]
[BlackFideId "343430244"]
[WhiteElo "1689"]
[BlackElo "1542"]
[EventDate "2024.03.02"]

1. d4 c6 2. Bf4 d5 3. e3 Bf5 4. Nf3 e6 5. Bd3 Bxd3 6. Qxd3 Nf6 7. c3 Nbd7 8. Nbd2
Be7 9. O-O O-O 10. e4 dxe4 11. Nxe4 Nxe4 12. Qxe4 Nf6 13. Qc2 Nd5 14. Bg3 Rc8 15.
Qb3 Qb6 16. Qxb6 Nxb6 17. Rfd1 Bf6 18. Ne5 Bxe5 19. Bxe5 Nd5 20. a4 a5 21. Rab1 Nb6
22. Ra1 Nc4 23. Bf4 Nxb2 24. Rdb1 Nd3 25. Bg3 c5 26. Rxb7 cxd4 27. cxd4 Nb4 28. Rb5
Nc2 29. Rd1 Ra8 30. h3 Rfc8 31. d5 exd5 32. Rdxd5 Nb4 33. Re5 Rab8 34. Rxa5 Nc6 35.
Reb5 Ra8 36. Rxa8 Rxa8 37. Rb6 Nd4 38. Rb8+ Rxb8 39. Bxb8 Nc6 40. Bc7 Kf8 41. a5
Nb4 42. Bd6+ Ke8 43. Bxb4 Kd7 44. Kf1 Kc6 45. Ke2 Kb5 46. Be1 Kc6 47. Kd3 Kb5 48.
Kd4 Kc6 49. Kc4 Kb7 50. Kb5 Ka7 51. Kc6 Kb8 52. Kd7 Kb7 53. Ke7 f5 54. Kf7 g5 55.
Kf6 f4 56. Kxg5 f3 57. gxf3 h5 58. Kxh5 Ka6 59. f4 Kb5 60. f5 Ka6 61. f6 Kb5 62.
f7 Ka6 63. f8=Q Kb5 64. Qb4+ Ka6 65. Qb6# 1-0

[Event "2024 British Rapidplay Championship"]
[Site "Holiday Inn Peterborough - West"]
[Date "2024.03.02"]
[Round "3.88"]
[White "Hristov, Georgi"]
[Black "Bevis, Noah"]
[Result "0-1"]
[WhiteFideId "5901766"]
[BlackFideId "343434630"]
[WhiteElo "1654"]
[BlackElo "1454"]
[EventDate "2024.03.02"]

1. d4 g6 2. e3 Bg7 3. Bd3 c5 4. c3 Nc6 5. Nd2 cxd4 6. cxd4 d5 7. a3 Nf6 8. Ngf3 Bd7
9. b4 e6 10. Bb2 Rc8 11. Rc1 Ne7 12. O-O O-O 13. Qb3 Qb6 14. Ne5 Bb5 15. Bxb5 Qxb5
16. Rc3 Rxc3 17. Bxc3 Nc6 18. a4 Qb6 19. Ndf3 Nxe5 20. Nxe5 Rc8 21. Nd3 Ne4 22. Rc1
Bf8 23. a5 Qb5 24. Nc5 Bxc5 25. dxc5 Rxc5 26. Qb2 Rxc3 27. Rxc3 Nxc3 28. Qxc3 Qc6
29. Qc5 Qxc5 30. bxc5 Kf8 31. a6 bxa6 32. Kf1 Ke7 33. Ke2 Kd7 34. Kd3 e5 35. Kc3
a5 36. f4 f6 37. g4 Kc6 38. h4 Kxc5 39. g5 d4+ 40. exd4+ exd4+ 41. Kd3 f5 42. Kd2
Kc4 43. Kc2 d3+ 44. Kd2 a4 45. Kd1 a3 46. Kd2 a2 0-1

[Event "2024 British Rapidplay Championship"]
[Site "Holiday Inn Peterborough - West"]
[Date "2024.03.02"]
[Round "3.89"]
[White "Kulibaev, Richard"]
[Black "Singha, Swati"]
[Result "0-1"]
[WhiteFideId "343406050"]
[BlackFideId "45013004"]
[WhiteElo "1503"]
[BlackElo "1648"]
[EventDate "2024.03.02"]

1. e4 e5 2. Nf3 Nc6 3. Bc4 h6 4. O-O Nf6 5. Nc3 Bc5 6. d3 d6 7. h3 g5 8. Be3 g4 9.
hxg4 Nxg4 10. Bxc5 dxc5 11. Nd5 Be6 12. Ne3 h5 13. Bxe6 fxe6 14. Nh2 Qh4 15. Nf3
Qf6 16. Qe2 O-O-O 17. g3 Rdg8 18. Ng2 Nd4 19. Nxd4 cxd4 20. f3 Ne3 21. Nxe3 dxe3
22. Qh2 Qg5 23. Kg2 h4 24. g4 h3+ 25. Kh1 Rf8 26. Rae1 Qf4 27. Qxf4 exf4 28. Kh2
Kd7 29. Rh1 Kd6 30. Kg1 Rf7 31. Rh2 Ke5 32. Kf1 c5 33. Ke2 b5 34. Reh1 Rfh7 35. Rg1
c4 36. Rd1 cxd3+ 37. Rxd3 Rc8 38. Kd1 e2+ 39. Kxe2 Rxc2+ 40. Rd2 Rxd2+ 41. Kxd2 Kf6
42. Kc3 Kg5 43. Rh1 Kh4 44. Kd4 Kg3 45. g5 Kg2 46. g6 Rg7 47. Rc1 Rxg6 48. Rc2+ Kxf3
49. Rc3+ Kg4 50. Rc2 f3 51. Ke3 Rf6 52. Rc1 f2 53. Rf1 Kg3 54. Ke2 Kg2 55. e5 Rf5
56. b4 Rxe5+ 57. Kd2 Kxf1 58. Kd1 Kg1 59. Kd2 f1=Q 0-1

[Event "2024 British Rapidplay Championship"]
[Site "Holiday Inn Peterborough - West"]
[Date "2024.03.02"]
[Round "3.90"]
[White "Hill, Callum"]
[Black "Ebbutt, Samuel"]
[Result "1-0"]
[WhiteFideId "343403913"]
[BlackFideId "343421644"]
[WhiteElo "1635"]
[BlackElo "1521"]
[EventDate "2024.03.02"]

1. e4 c6 2. d4 d6 3. c4 g6 4. Nc3 Bg7 5. Be3 Nf6 6. Be2 O-O 7. Nf3 Bg4 8. h3 Bxf3
9. Bxf3 Nbd7 10. Qd2 e5 11. d5 c5 12. O-O a6 13. Kh2 Qb6 14. b3 Qb4 15. Rh1 h5 16.
Rhc1 b5 17. Be2 bxc4 18. Bxc4 Qa5 19. f3 Qc7 20. Na4 Nb6 21. Nxb6 Qxb6 22. Rab1 Qb4
23. Qxb4 cxb4 24. Bd3 Rfc8 25. Rxc8+ Rxc8 26. Rb2 a5 27. Bb6 Ra8 28. Rc2 Bf8 29.
Rc6 Ne8 30. Be3 a4 31. Bc4 axb3 32. Bxb3 Rb8 33. Bb6 Rb7 34. Be3 Ng7 35. Rb6 Rxb6
36. Bxb6 h4 37. Ba5 Nh5 38. Bxb4 Nf4 39. a4 Nd3 40. Ba3 Bh6 41. Bxd6 Bf4+ 42. Kh1
Nf2+ 43. Kg1 Nd3 44. a5 Kg7 45. Be7 g5 46. d6 Nc5 47. a6 Nxa6 48. d7 Be3+ 49. Kh1
Bb6 50. d8=Q Bxd8 51. Bxd8 Nc5 52. Bd5 f6 53. Kg1 Nd3 54. Be6 Nf4 55. Bg4 Ne2+ 56.
Kf2 Nf4 57. g3 hxg3+ 58. Kxg3 Ng6 59. Kf2 Nh4 60. Ke3 Kg6 61. Bc7 Ng2+ 62. Kd3 Nf4+
63. Kc4 Nh5 64. Bd8 Nf4 65. Kc5 Nd3+ 66. Kd6 Nf4 67. Ke7 Kg7 68. Ba5 Ng6+ 69. Kd6
Nf4 70. Be1 Ng2 71. Bg3 Nf4 72. Bxf4 gxf4 73. Ke6 Kg6 74. h4 Kg7 75. h5 Kh6 76. Kxf6
Kh7 77. Kxe5 Kh6 78. Kf6 Kh7 79. Kf7 Kh8 80. e5 Kh7 81. e6 Kh8 82. e7 Kh7 83. e8=Q
Kh6 84. Qe6+ 1-0

[Event "2024 British Rapidplay Championship"]
[Site "Holiday Inn Peterborough - West"]
[Date "2024.03.02"]
[Round "3.91"]
[White "Casti, Cristina"]
[Black "Bellano, Harry"]
[Result "0-1"]
[WhiteFideId "2819045"]
[BlackFideId "343430015"]
[WhiteElo "1495"]
[BlackElo "1632"]
[EventDate "2024.03.02"]

1. e4 e5 2. d4 exd4 3. c3 dxc3 4. Bc4 Nc6 5. Nf3 Bb4 6. Nxc3 Qe7 7. O-O Bxc3 8. bxc3
Nf6 9. Bg5 h6 10. Bh4 d6 11. Re1 Be6 12. Bd3 O-O-O 13. Qc2 g5 14. Nd4 Nxd4 15. cxd4
gxh4 16. Rac1 Kb8 17. d5 Bg4 18. h3 Bc8 19. Re3 Rhg8 20. Qb2 Nd7 21. Be2 Qg5 22.
Bf3 Ne5 23. g4 hxg3 24. Rec3 Nxf3+ 25. Rxf3 gxf2+ 0-1

[Event "2024 British Rapidplay Championship"]
[Site "Holiday Inn Peterborough - West"]
[Date "2024.03.02"]
[Round "3.92"]
[White "Wainwright, Charlie"]
[Black "Butler, Rene"]
[Result "1-0"]
[WhiteFideId "343426310"]
[BlackFideId "486922"]
[WhiteElo "1632"]
[BlackElo "1497"]
[EventDate "2024.03.02"]

1. d4 d5 2. c4 e5 3. dxe5 d4 4. a3 Nc6 5. Nf3 Nge7 6. Bg5 h6 7. Bh4 Bg4 8. Nbd2 Qd7
9. h3 Bxf3 10. Nxf3 Ng6 11. Bg3 Be7 12. Qd3 O-O 13. e3 Rad8 14. Rd1 Bc5 15. b4 Bb6
16. c5 Qe6 17. Nxd4 Nxd4 18. exd4 Rfe8 19. cxb6 axb6 20. Qc4 Qf5 21. Bd3 Qd7 22.
Bxg6 b5 23. Qb3 Re7 24. Bh4 Re6 25. Bxd8 Rxg6 26. Bh4 Rxg2 27. Bg3 Qc6 28. d5 Qg6
29. Qd3 Qg5 30. Kf1 Rxg3 31. fxg3 Qxe5 32. Re1 Qf6+ 33. Kg2 Qb2+ 34. Re2 Qf6 35.
Re8# 1-0

[Event "2024 British Rapidplay Championship"]
[Site "Holiday Inn Peterborough - West"]
[Date "2024.03.02"]
[Round "3.93"]
[White "Brown, Chris"]
[Black "Arun, Saiarya"]
[Result "1-0"]
[WhiteFideId "343412343"]
[BlackFideId "343412548"]
[WhiteElo "1623"]
[BlackElo "1485"]
[EventDate "2024.03.02"]

1. e4 e6 2. d3 d5 3. Nd2 c5 4. Ngf3 dxe4 5. dxe4 Bd7 6. g3 Nc6 7. Bg2 Nge7 8. O-O
g6 9. Re1 Bg7 10. c3 O-O 11. Nf1 Nc8 12. h4 Nb6 13. Be3 Qe7 14. Qc2 e5 15. Rad1 Bg4
16. N1h2 Be6 17. Bc1 f5 18. Bg5 Qf7 19. exf5 Bxf5 20. Qc1 e4 21. Nd2 Rae8 22. Nb3
Bc8 23. Qc2 c4 24. Nd4 Nxd4 25. cxd4 Bf5 26. Qc1 Bd7 27. Rf1 Ba4 28. Rde1 Bxd4 29.
Ng4 Kh8 30. Bd2 Qd7 31. Ne3 Bb5 32. Bc3 Kg8 33. Bxd4 Qxd4 34. Rd1 Qg7 35. Qc3 Qf7
36. Bh3 Rd8 37. Rxd8 Rxd8 38. a3 Bd7 39. Bxd7 Rxd7 40. Qc2 Re7 41. Rd1 Re8 42. Qc3
Rc8 43. Qc2 Qe6 44. Kg2 Nd7 45. Qd2 Ne5 46. Qc2 Nd3 47. Qc3 Qf7 48. Rf1 Qf3+ 49.
Kg1 b5 50. Qd2 Qf7 51. Qc2 Rf8 52. Qd2 Ne5 53. Qc2 Nf3+ 54. Kg2 Nxh4+ 55. gxh4 Qf3+
56. Kg1 Rf4 57. Qd2 Kg7 58. Qd7+ Kh6 59. Qd8 Qh5 60. Qe7 Rxh4 61. Qf8+ Kg5 62. Qe7+
Kf4 63. Qf6+ Qf5 64. Nxf5 Rg4+ 65. Ng3# 1-0

[Event "2024 British Rapidplay Championship"]
[Site "Holiday Inn Peterborough - West"]
[Date "2024.03.02"]
[Round "3.94"]
[White "Ou, Siyao"]
[Black "Pradhan, Ayan"]
[Result "0-1"]
[WhiteFideId "343405649"]
[BlackFideId "498319"]
[WhiteElo "1480"]
[BlackElo "1622"]
[EventDate "2024.03.02"]

1. e4 e6 2. d4 d5 3. e5 c5 4. c3 Nc6 5. Nf3 Bd7 6. a3 f6 7. Be3 fxe5 8. Nxe5 Nxe5
9. dxe5 Qc7 10. Qh5+ g6 11. Qg5 Bg7 12. f4 Ne7 13. Nd2 Nf5 14. Bf2 O-O 15. g3 Bc6
16. h4 d4 17. Rh2 Bxe5 18. fxe5 Qxe5+ 19. Kd1 dxc3 20. bxc3 Ba4+ 21. Nb3 Bxb3+ 22.
Kd2 Rad8+ 23. Bd3 c4 24. Bd4 Rxd4 25. cxd4 Qxd4 26. Rc1 Qxd3+ 27. Ke1 Nxh4 28. Qf4
Rxf4 29. gxf4 Nf3+ 30. Kf2 Nxh2 31. Kg1 Qg3+ 32. Kh1 c3 33. Rd1 Bd5+ 34. Rxd5 exd5
35. f5 c2 36. fxg6 c1=R# 0-1

[Event "2024 British Rapidplay Championship"]
[Site "Holiday Inn Peterborough - West"]
[Date "2024.03.02"]
[Round "3.95"]
[White "Bennet, Freddie"]
[Black "Darbost, Fabien"]
[Result "1-0"]
[WhiteFideId "343437133"]
[BlackFideId "343407200"]
[WhiteElo "1460"]
[BlackElo "1615"]
[EventDate "2024.03.02"]

1. e4 c5 2. Nf3 Nc6 3. c3 e5 4. Bb5 d6 5. d4 cxd4 6. cxd4 a6 7. Bxc6+ bxc6 8. dxe5
d5 9. exd5 cxd5 10. Nc3 Bb4 11. Qa4+ Bd7 12. Qxb4 Ne7 13. Bg5 Rb8 14. Qa3 Bc6 15.
Nd4 Bd7 16. Nxd5 Rxb2 17. Qxb2 Qa5+ 18. Nb4 Qxe5+ 19. Be3 O-O 20. O-O Rb8 21. Qd2
a5 22. Bf4 Qf6 23. Bxb8 axb4 24. Qxb4 Nd5 25. Qd6 Be6 26. Nxe6 fxe6 27. Rfe1 Nf4
28. Qxf4 Qxf4 29. Bxf4 1-0

[Event "2024 British Rapidplay Championship"]
[Site "Holiday Inn Peterborough - West"]
[Date "2024.03.02"]
[Round "3.96"]
[White "Gunarathne, Miheli"]
[Black "Hu, Junyan"]
[Result "0-1"]
[WhiteFideId "343409504"]
[BlackFideId "343401260"]
[WhiteElo "1441"]
[BlackElo "1611"]
[EventDate "2024.03.02"]

1. e4 c5 2. Nf3 e6 3. d4 cxd4 4. Nxd4 Nf6 5. Bg5 Qa5+ 6. Nc3 Qxg5 7. Bd3 Nc6 8. Nxc6
bxc6 9. O-O Be7 10. Qe2 Qa5 11. Rfe1 O-O 12. a3 Rd8 13. Rad1 d5 14. e5 Nd7 15. Qh5
g6 16. Qh6 Bf8 17. Qh4 Re8 18. Re3 Qd8 19. Qg4 Bg7 20. Rde1 a5 21. b4 axb4 22. axb4
Nf8 23. b5 d4 24. Be4 dxe3 25. Rd1 Qc7 26. Bxc6 Bb7 27. Bxe8 Rxe8 28. Ne2 exf2+ 29.
Kxf2 Qxc2 30. Re1 Qf5+ 31. Qxf5 exf5 32. Rc1 Bxe5 33. Rc5 Bd6 34. Rc3 Bd5 35. Rd3
Rxe2+ 36. Kxe2 Bc4 37. Ke3 f4+ 38. Kd4 Bxd3 39. Kxd3 Ne6 40. Kc4 Bc7 41. Kd5 g5 42.
Kc6 h5 43. b6 Bxb6 44. Kxb6 g4 45. Kb5 f3 46. gxf3 gxf3 47. Kc4 f2 48. Kc3 f1=Q 49.
h4 Qf4 50. Kd3 Qd4+ 51. Ke2 Qc3 52. Kf2 Nf4 53. Kg1 Qg3+ 54. Kf1 Qg2+ 55. Ke1 Qe2#
0-1

[Event "2024 British Rapidplay Championship"]
[Site "Holiday Inn Peterborough - West"]
[Date "2024.03.02"]
[Round "3.97"]
[White "Dhingra, Kanvansh"]
[Black "Sriram, Gautam"]
[Result "0-1"]
[WhiteFideId "33401500"]
[BlackFideId "498491"]
[WhiteElo "1592"]
[BlackElo "1480"]
[EventDate "2024.03.02"]

1. e4 d5 2. e5 c5 3. c3 Bf5 4. d4 e6 5. Nf3 Ne7 6. dxc5 Nec6 7. b4 a6 8. Be3 Nd7
9. Bf4 Qc7 10. Bd3 Bg6 11. Bxg6 hxg6 12. Qe2 Be7 13. O-O O-O 14. h4 Rfd8 15. Nbd2
Rac8 16. Nb3 b6 17. cxb6 Qxb6 18. Be3 Qb7 19. Nc5 Bxc5 20. bxc5 Ncxe5 21. Nxe5 Nxe5
22. Bd4 Nc4 23. Rab1 Qe7 24. g3 e5 25. f4 e4 26. f5 gxf5 27. Rxf5 Qe6 28. g4 Kf8
29. Rh5 Kg8 30. Rf5 f6 31. h5 Rd7 32. h6 Ne5 33. Rb6 Nf3+ 34. Kh1 Qf7 35. hxg7 Qxg7
36. Rbxf6 Qxg4 37. Qg2 0-1

[Event "2024 British Rapidplay Championship"]
[Site "Holiday Inn Peterborough - West"]
[Date "2024.03.02"]
[Round "3.98"]
[White "Suganya, Yugan"]
[Black "Keshari, Rohit"]
[Result "0-1"]
[WhiteFideId "343442676"]
[BlackFideId "497088"]
[WhiteElo "1400"]
[BlackElo "1590"]
[EventDate "2024.03.02"]

1. e4 e6 2. d4 d5 3. exd5 exd5 4. Nf3 f5 5. Bd3 Nf6 6. O-O Bd6 7. Re1+ Ne4 8. Ng5
O-O 9. Nxe4 fxe4 10. Be2 Qh4 11. g3 Qf6 12. Rf1 Bh3 13. Re1 Qxf2+ 0-1